| 000 | 00339cam a2200121ua 4500 | ||
|---|---|---|---|
| 003 | OSt | ||
| 008 | 210806b ||||| |||| 00| 0 eng d | ||
| 082 |
_a624.159 _bIND/CO |
||
| 245 | _aCode of practice for design and construction of machine foundations part2 ,IS:2974-1980 / | ||
| 260 |
_a : _bISI , _c1983. |
||
| 300 | _a15 ; . | ||
| 942 | _cBK | ||
| 999 |
_c4293 _d4293 |
||